000 02169njm a2200433Ia 4500
001 69536
003 IT-RoPAU
005 20220918181158.0
008 131025s9999 xx 000 0 und d
040 _aIT-RoPAU
040 _cIT-RoPAU
999 _c102799
_d102799
999 _bn.d.
100 _aAA.VV.
_9794
100 _eAutore musica
_924183
100 _gCodice autore musica SPICS: 12000
_9796
245 _aStandards, vol. 2 (Lp Ecm 1289)
250 _a1a ed.
260 _aGERMANY
260 _bECM RECORDS
_c1985 [1a Ed.:1985 - Ed. Lingua Orig.: 1985]
300 _aDISCO
300 _c46 minuti (Testo: 0 pag.)
500 _aMusica strumentale.
505 _aSo Tender (8:00) - Moon and Sand (9:00) - In Love In Vain (8:00) - Never Let Me Go (8:00) - If I Should Lose You (9:00) - I Fall In Love Too Easily (6:00)
511 _aPeacock Gary: bass; Dejohnette Jack: chit
650 _aSTRUMENTALE [DISCHI]
_eCodice MATERIA SPICS: 9950
_9828
700 _aJarrett Keith
_gCodice interprete SPICS: 11614
_eInterprete
_924184
700 _aJarrett Keith
_gCodice autore musica SPICS: 11614
_eAutore musica
_pSo Tender
_924185
700 _aWilder Alec
_gCodice autore musica SPICS: 20488
_eAutore musica
_pMoon and Sand
_924186
700 _aEngvick William
_gCodice autore SPICS: 15849
_eAutore
_pMoon and Sand
_924187
700 _aPalitz Mortimer
_gCodice autore testo/musica SPICS: 23953
_eAutore testo/musica
_pMoon and Sand
_924188
700 _aRobin Leo
_gCodice autore musica SPICS: 20175
_eAutore musica
_pIn Love In Vain - If I Should Lose You
_924189
700 _aKern Jerome
_gCodice autore SPICS: 10779
_eAutore
_pIn Love In Vain
_924190
700 _aEvans Raymond
_gCodice autore musica SPICS: 23703
_eAutore musica
_pNever Let Me Go
_924191
700 _aLivingston Jay
_gCodice autore SPICS: 23738
_eAutore
_pNever Let Me Go
_924192
700 _aRainger Ralph
_gCodice autore musica SPICS: 20269
_eAutore musica
_pIf I Should Lose You
_924193
700 _aCahn Sammy
_gCodice autore musica SPICS: 13947
_eAutore musica
_pI Fall In Love Too Easily
_924194
700 _aStyne Jules
_gCodice autore SPICS: 11167
_eAutore
_pI Fall In Love Too Easily
_924195
942 _cMD
_2ddc